Data Analytics using Python (Record no. 11088)

MARC details
000 -LEADER
fixed length control field 00391nam a22001697a 4500
003 - CONTROL NUMBER IDENTIFIER
control field OSt
008 - FIXED-LENGTH DATA ELEMENTS--GENERAL INFORMATION
fixed length control field 220215b ||||| |||| 00| 0 eng d
020 ## - INTERNATIONAL STANDARD BOOK NUMBER
International Standard Book Number 9788126502950
082 ## - DEWEY DECIMAL CLASSIFICATION NUMBER
Classification number 005.133 MOD
100 ## - MAIN ENTRY--PERSONAL NAME
Personal name MOTWANI,Bharti
245 ## - TITLE STATEMENT
Title Data Analytics using Python
250 ## - EDITION STATEMENT
Edition statement 1st
Remainder of edition statement 2020
260 ## - PUBLICATION, DISTRIBUTION, ETC. (IMPRINT)
Place of publication, distribution, etc New Delhi
Name of publisher, distributor, etc Wiley
Date of publication, distribution, etc 2020
300 ## - PHYSICAL DESCRIPTION
Extent 734
650 ## - SUBJECT ADDED ENTRY--TOPICAL TERM
Topical term or geographic name as entry element MBA
942 ## - ADDED ENTRY ELEMENTS (KOHA)
Source of classification or shelving scheme Dewey Decimal Classification
Koha item type Text Books
942 ## - ADDED ENTRY ELEMENTS (KOHA)
-- 12
Holdings
Withdrawn status Lost status Source of classification or shelving scheme Damaged status Not for loan Collection code Home library Current library Date acquired Source of acquisition Currency Cost, normal purchase price Bill Number Total Checkouts Full call number Acc. no. / Barcode Checked out Date last seen Date last borrowed Actual Cost, discounted price Bill Date Koha item type
    Dewey Decimal Classification     MBA PIET C-LIBRARY PIET C-LIBRARY 11/01/2022 Kirti Praskshan IN Rupees 739.00 IN3270 2 005.133 MOD 33456 07/03/2023 08/09/2022 08/09/2022 509.91 11/01/2022 Text Books
    Dewey Decimal Classification     MBA PIET C-LIBRARY PIET C-LIBRARY 11/01/2022 Kirti Praskshan IN Rupees 739.00 IN3270 3 005.133 MOD 33457   27/11/2023 16/11/2023 509.91 11/01/2022 Text Books
    Dewey Decimal Classification     MBA PIET C-LIBRARY PIET C-LIBRARY 11/01/2022 Kirti Praskshan IN Rupees 739.00 IN3270 3 005.133 MOD 33458   14/02/2024 31/01/2024 509.91 11/01/2022 Text Books
    Dewey Decimal Classification     MBA PIET C-LIBRARY PIET C-LIBRARY 11/01/2022 Kirti Praskshan IN Rupees 739.00 IN3270 1 005.133 MOD 33459   20/11/2024 03/05/2022 509.91 11/01/2022 Text Books
    Dewey Decimal Classification     MBA PIET C-LIBRARY PIET C-LIBRARY 11/01/2022 Kirti Praskshan IN Rupees 739.00 IN3270 5 005.133 MOD 33460   07/06/2023 26/05/2023 509.91 11/01/2022 Text Books
    Dewey Decimal Classification     MBA PIET C-LIBRARY PIET C-LIBRARY 11/01/2022 Kirti Praskshan IN Rupees 739.00 IN3270 5 005.133 MOD 33461   10/01/2026 04/11/2025 509.91 11/01/2022 Text Books
    Dewey Decimal Classification     MBA PIET C-LIBRARY PIET C-LIBRARY 11/01/2022 Kirti Praskshan IN Rupees 739.00 IN3270 2 005.133 MOD 33462   07/06/2023 29/05/2023 509.91 11/01/2022 Text Books
    Dewey Decimal Classification     MBA PIET C-LIBRARY PIET C-LIBRARY 11/01/2022 Kirti Praskshan IN Rupees 739.00 IN3270 3 005.133 MOD 33463   23/02/2024 12/02/2024 509.91 11/01/2022 Text Books
    Dewey Decimal Classification     MBA PIET C-LIBRARY PIET C-LIBRARY 11/01/2022 Kirti Praskshan IN Rupees 739.00 IN3270 3 005.133 MOD 33464   07/06/2023 26/05/2023 509.91 11/01/2022 Text Books
    Dewey Decimal Classification     MBA PIET C-LIBRARY PIET C-LIBRARY 11/01/2022 Kirti Praskshan IN Rupees 739.00 IN3270   005.133 MOD 33465   15/02/2022   509.91 11/01/2022 Text Books
    Dewey Decimal Classification     B.Tech(CSE) PIET C-LIBRARY PIET C-LIBRARY 27/12/2022 International Book Centre IN Rupees 769.00 IB/IN/923   005.133 MOD 34361   14/01/2023   538.30 27/12/2022 Text Books

Design & Developed by: PIET Central Library
R70 Miles Stone Pattikalyana Samalkha Panipat 132102
mail ID :- [email protected], Phone No:- 0180-2569700 Ex.216